000 01511nam a2200385 a 4500
001 ebr10674934
003 CaPaEBR
006 m u
007 cr cn|||||||||
008 100401s2010 nyu sb 001 0beng d
010 _z 2010012257
020 _z9781608769179 (hardcover)
020 _z1608769178 (hardcover)
020 _z9781616688219 (e-book)
040 _aCaPaEBR
_cCaPaEBR
035 _a(OCoLC)688242201
043 _an-us---
050 1 4 _aE762
_b.F74 2010eb
082 0 4 _a973.91/2092
_aB
_222
100 1 _aFrederick, Richard G.,
_d1947-
245 1 0 _aWilliam H. Taft
_h[electronic resource] /
_cRichard G. Frederick.
260 _aNew York :
_bNova Science Publishers, Inc.,
_cc2010.
300 _axxii, 205 p.
490 1 _aFirst men, America's presidents series
500 _a"Nova history."
504 _aIncludes bibliographical references (p. [181]-191) and index.
533 _aElectronic reproduction.
_bPalo Alto, Calif. :
_cebrary,
_d2013.
_nAvailable via World Wide Web.
_nAccess may be limited to ebrary affiliated libraries.
600 1 0 _aTaft, William H.
_q(William Howard),
_d1857-1930.
650 0 _aPresidents
_zUnited States
_vBiography.
651 0 _aUnited States
_xPolitics and government
_y1909-1913.
655 7 _aElectronic books.
_2local
710 2 _aebrary, Inc.
830 0 _aFirst men, America's presidents.
856 4 0 _uhttp://site.ebrary.com/lib/rucke/Doc?id=10674934
_zAn electronic book accessible through the World Wide Web; click to view
999 _c57330
_d57330